00250nam a22000977a 4500003000400000082001900004100002600023245002600049260006900075300000800144SGT a891.4309bL82R aरविंद्र a लाल कमल  b श्री अरविन्द सोसाइटी c1982 a380